[Event "DVM U14w 2020"]
[Site "Willingen GER"]
[Date "2021.06.25"]
[Round "3"]
[White "Petrosyan, Ani"]
[Black "Stasaitis, Paulina"]
[Result "1-0"]
[Termination "normal"]
[Board "6.3"]
[WhiteElo "1353"]
[BlackElo "1119"]
[WhiteClock "00:08:10"]
[BlackClock "00:54:12"]
[WhiteTeam "TuRa Harksheide von 1945 Norderstedt"]
[BlackTeam "SG Königskinder Hohentübingen e.V."]
[PlyCount "129"]
[WhiteFideId "16248015"]
[BlackFideId "34606165"]
[EventCountry "GER"]
[EventRounds "7"]
[EventType "team-swiss"]
[EventDate "2021.06.23"]

1. Nf3 {[%clk 1:30:31]} 1... d5 {[%clk 1:30:55]} 2. e3 {[%clk 1:30:51]} 2... c5
{[%clk 1:31:21]} 3. d4 {[%clk 1:28:39]} 3... Nf6 {[%clk 1:30:13]} 4. c4 { [%clk
1:28:40]} 4... cxd4 {[%clk 1:29:58]} 5. exd4 {[%clk 1:21:52]} 5... Bf5 { [%clk
1:23:36]} 6. Qb3 {[%clk 1:16:37]} 6... Qd7 {[%clk 1:20:40]} 7. cxd5 { [%clk
1:15:55]} 7... Nxd5 {[%clk 1:19:58]} 8. Bb5 {[%clk 1:08:21]} 8... Nc6 { [%clk
1:19:19]} 9. Ne5 {[%clk 1:08:05]} 9... Qd6 {[%clk 1:18:56]} 10. Nc3 { [%clk
1:04:19]} 10... Be6 {[%clk 1:17:09]} 11. Qa4 {[%clk 0:59:16]} 11... Bd7 { [%clk
1:15:33]} 12. Ne4 {[%clk 0:55:42]} 12... Qb4+ {[%clk 1:13:22]} 13. Bd2 { [%clk
0:50:23]} 13... Qxa4 {[%clk 1:12:51]} 14. Bxa4 {[%clk 0:50:42]} 14... Nxe5
{[%clk 1:13:12]} 15. Bb3 {[%clk 0:45:48]} 15... Nd3+ {[%clk 1:11:12]} 16. Ke2
{[%clk 0:44:34]} 16... N5f4+ {[%clk 1:11:11]} 17. Kf3 {[%clk 0:44:22]} 17...
Ng6 {[%clk 1:10:52]} 18. Rab1 {[%clk 0:42:38]} 18... e5 {[%clk 1:10:27]} 19.
Bc4 {[%clk 0:34:07]} 19... Nb4 {[%clk 1:07:22]} 20. Ng5 {[%clk 0:32:51]} 20...
Bc6+ {[%clk 1:05:28]} 21. Kg3 {[%clk 0:32:22]} 21... Bd5 {[%clk 1:05:34]} 22.
b3 {[%clk 0:28:31]} 22... Rd8 {[%clk 0:59:18]} 23. dxe5 {[%clk 0:23:44]} 23...
Bxc4 {[%clk 0:58:44]} 24. Bxb4 {[%clk 0:22:21]} 24... Rd3+ { [%clk 0:58:21]}
25. f3 {[%clk 0:21:29]} 25... Bxb4 {[%clk 0:58:34]} 26. bxc4 { [%clk 0:21:50]}
26... Bc3 {[%clk 0:57:14]} 27. Rxb7 {[%clk 0:20:08]} 27... Bxe5+ {[%clk
0:57:28]} 28. Kf2 {[%clk 0:18:31]} 28... Bf4 {[%clk 0:56:12]} 29. Re1+ {[%clk
0:17:32]} 29... Kd8 {[%clk 0:54:34]} 30. Nxf7+ {[%clk 0:15:49]} 30... Kc8
{[%clk 0:54:49]} 31. Rxa7 {[%clk 0:13:42]} 31... Kb8 {[%clk 0:52:13]} 32. Ra5
{[%clk 0:10:35]} 32... Rd2+ {[%clk 0:47:59]} 33. Re2 {[%clk 0:10:05]} 33...
Rxe2+ {[%clk 0:48:01]} 34. Kxe2 {[%clk 0:10:32]} 34... Re8+ { [%clk 0:48:19]}
35. Kf2 {[%clk 0:08:48]} 35... Be3+ {[%clk 0:48:29]} 36. Kf1 { [%clk 0:07:26]}
36... Bd2 {[%clk 0:47:47]} 37. Rb5+ {[%clk 0:06:59]} 37... Ka7 {[%clk 0:47:56]}
38. Rb2 {[%clk 0:06:09]} 38... Ba5 {[%clk 0:43:01]} 39. c5 { [%clk 0:03:23]}
39... Nf4 {[%clk 0:41:27]} 40. Rb5 {[%clk 0:00:37]} 40... Ka6 { [%clk 0:40:10]}
41. a4 {[%clk 0:28:29]} 41... Nd3 {[%clk 1:09:59]} 42. g3 { [%clk 0:27:33]}
42... h5 {[%clk 1:07:34]} 43. Nd6 {[%clk 0:25:01]} 43... Re1+ { [%clk 1:06:18]}
44. Kg2 {[%clk 0:25:27]} 44... Re2+ {[%clk 1:05:19]} 45. Kh3 { [%clk 0:24:12]}
45... g5 {[%clk 1:05:03]} 46. Rb8 {[%clk 0:21:26]} 46... Nf2+ { [%clk 1:01:25]}
47. Kg2 {[%clk 0:20:53]} 47... Ng4+ {[%clk 1:01:20]} 48. Kg1 { [%clk 0:17:50]}
48... Re1+ {[%clk 1:00:54]} 49. Kg2 49... Ne3+ {[%clk 1:00:45]} 50. Kf2 {[%clk
0:18:04]} 50... Ka7 {[%clk 0:59:02]} 51. Rb7+ {[%clk 0:15:52]} 51... Ka6 {[%clk
0:58:45]} 52. c6 {[%clk 0:12:43]} 52... Rd1 {[%clk 0:56:46]} 53. Nc8 {[%clk
0:11:32]} 53... Bb6 {[%clk 0:54:32]} 54. Rxb6+ {[%clk 0:09:35]} 54... Ka5
{[%clk 0:54:40]} 55. Kxe3 {[%clk 0:09:51]} 55... Rd8 {[%clk 0:54:50]} 56. Rb8
{[%clk 0:09:11]} 56... Re8+ {[%clk 0:53:34]} 57. Kf2 {[%clk 0:09:28]} 57... Rd8
{[%clk 0:53:25]} 58. c7 {[%clk 0:09:48]} 58... Rd7 {[%clk 0:53:44]} 59. Rb5+
{[%clk 0:09:13]} 59... Ka6 {[%clk 0:53:37]} 60. Rc5 {[%clk 0:07:31]} 60... Kb7
61. Nd6+ {[%clk 0:07:31]} 61... Kb6 {[%clk 0:53:36]} 62. c8=Q 62... Rxd6 {[%clk
0:53:27]} 63. Rb5+ {[%clk 0:07:57]} 63... Ka7 {[%clk 0:53:52]} 64. Qb8+ {[%clk
0:08:10]} 64... Ka6 {[%clk 0:54:12]} 65. Qb7# 1-0

[Event "DVM U14w 2020"]
[Site "Willingen GER"]
[Date "2021.06.25"]
[Round "3"]
[White "Luzgina, Anastasija"]
[Black "Chen, Michelle"]
[Result "1-0"]
[Termination "normal"]
[Board "6.4"]
[WhiteElo "1096"]
[BlackElo "1064"]
[WhiteClock "01:32:24"]
[BlackClock "01:11:57"]
[WhiteTeam "SG Königskinder Hohentübingen e.V."]
[BlackTeam "TuRa Harksheide von 1945 Norderstedt"]
[PlyCount "71"]
[WhiteFideId "24280860"]
[BlackFideId "16275403"]
[EventCountry "GER"]
[EventRounds "7"]
[EventType "team-swiss"]
[EventDate "2021.06.23"]

1. d4 {[%clk 1:30:57]} 1... d5 {[%clk 1:30:55]} 2. c4 {[%clk 1:31:22]} 2... e6
{[%clk 1:31:18]} 3. Nc3 {[%clk 1:31:44]} 3... Nf6 {[%clk 1:31:33]} 4. Bg5 {
[%clk 1:32:05]} 4... Be7 {[%clk 1:31:43]} 5. Nf3 {[%clk 1:32:24]} 5... Nbd7 {
[%clk 1:31:55]} 6. e3 {[%clk 1:32:41]} 6... O-O {[%clk 1:32:16]} 7. cxd5 {
[%clk 1:33:05]} 7... exd5 {[%clk 1:32:07]} 8. Bd3 {[%clk 1:33:25]} 8... b6 {
[%clk 1:31:05]} 9. O-O {[%clk 1:33:35]} 9... Bb7 {[%clk 1:31:16]} 10. Rc1 {
[%clk 1:32:11]} 10... c5 {[%clk 1:28:28]} 11. dxc5 {[%clk 1:31:46]} 11... Nxc5
{[%clk 1:28:29]} 12. Bb1 {[%clk 1:31:27]} 12... Nfe4 {[%clk 1:26:54]} 13. Bxe7
{[%clk 1:31:27]} 13... Qxe7 {[%clk 1:27:02]} 14. Nxd5 {[%clk 1:30:43]} 14...
Qe6 {[%clk 1:27:01]} 15. Nc7 {[%clk 1:30:52]} 15... Qc6 {[%clk 1:23:14]} 16.
Nxa8 {[%clk 1:30:46]} 16... Bxa8 {[%clk 1:22:08]} 17. b4 {[%clk 1:31:01]} 17...
Ng5 {[%clk 1:21:58]} 18. bxc5 {[%clk 1:31:10]} 18... Nxf3+ {[%clk 1:21:03]} 19.
Qxf3 {[%clk 1:31:32]} 19... Qh6 {[%clk 1:19:55]} 20. Qg3 {[%clk 1:31:47]} 20...
bxc5 {[%clk 1:18:39]} 21. Rxc5 {[%clk 1:32:04]} 21... Rd8 {[%clk 1:18:31]} 22.
Rfc1 {[%clk 1:31:55]} 22... Bb7 {[%clk 1:16:35]} 23. Rc7 {[%clk 1:31:33]} 23...
Qh5 {[%clk 1:15:46]} 24. h3 {[%clk 1:30:43]} 24... Rd1+ {[%clk 1:14:48]} 25.
Kh2 {[%clk 1:31:03]} 25... Rxc1 {[%clk 1:14:53]} 26. Rxc1 {[%clk 1:31:23]}
26... g6 {[%clk 1:14:37]} 27. Qb8+ {[%clk 1:31:43]} 27... Kg7 {[%clk 1:14:29]}
28. Qxb7 {[%clk 1:32:08]} 28... Qe5+ {[%clk 1:14:37]} 29. g3 {[%clk 1:32:23]}
29... Qf6 {[%clk 1:14:13]} 30. Kg2 {[%clk 1:32:14]} 30... Qd6 {[%clk 1:13:09]}
31. Qb2+ {[%clk 1:32:05]} 31... Kh6 {[%clk 1:12:55]} 32. Qd4 {[%clk 1:32:18]}
32... Qa3 {[%clk 1:11:38]} 33. Rc4 {[%clk 1:31:34]} 33... g5 {[%clk 1:11:41]}
34. Qf6+ {[%clk 1:31:48]} 34... Kh5 35. Qxf7+ 35... Kh6 {[%clk 1:11:57]} 36.
Qxh7# {[%clk 1:32:24]} 1-0

[Event "DVM U14w 2020"]
[Site "Willingen GER"]
[Date "2021.06.25"]
[Round "3"]
[White "von Beckh, Frieda"]
[Black "Jacobasch, Ronja"]
[Result "1-0"]
[Termination "normal"]
[Board "7.1"]
[WhiteElo "1610"]
[BlackElo "1397"]
[WhiteClock "00:35:30"]
[BlackClock "00:07:44"]
[WhiteTeam "SV Multatuli Ingelheim e.V."]
[BlackTeam "SSV Altenberg"]
[PlyCount "61"]
[WhiteFideId "16233751"]
[BlackFideId "34604340"]
[EventCountry "GER"]
[EventRounds "7"]
[EventType "team-swiss"]
[EventDate "2021.06.23"]

1. e4 {[%clk 1:30:52]} 1... d6 {[%clk 1:30:46]} 2. d4 {[%clk 1:31:08]} 2... Nf6
{[%clk 1:31:03]} 3. Nc3 {[%clk 1:31:11]} 3... g6 {[%clk 1:30:55]} 4. Be3 {
[%clk 1:30:44]} 4... Bg7 {[%clk 1:29:41]} 5. f3 {[%clk 1:30:26]} 5... O-O {
[%clk 1:28:44]} 6. Qd2 {[%clk 1:30:07]} 6... e5 {[%clk 1:17:58]} 7. d5 { [%clk
1:29:17]} 7... Qe7 {[%clk 1:06:57]} 8. O-O-O {[%clk 1:26:13]} 8... Nbd7 { [%clk
1:02:25]} 9. Bh6 {[%clk 1:24:13]} 9... Nc5 {[%clk 0:57:08]} 10. h4 { [%clk
1:22:35]} 10... Bxh6 {[%clk 0:49:29]} 11. Qxh6 {[%clk 1:22:46]} 11... Nh5
{[%clk 0:48:17]} 12. g4 {[%clk 1:21:38]} 12... Nf4 {[%clk 0:43:49]} 13. Nge2 {
[%clk 1:18:39]} 13... Nxe2+ {[%clk 0:42:19]} 14. Bxe2 {[%clk 1:17:47]} 14... f6
{[%clk 0:39:33]} 15. Rdg1 {[%clk 1:13:19]} 15... Qg7 {[%clk 0:37:53]} 16. Qe3 {
[%clk 1:11:17]} 16... Bd7 {[%clk 0:35:17]} 17. g5 {[%clk 1:07:25]} 17... fxg5 {
[%clk 0:29:23]} 18. Rxg5 {[%clk 1:05:03]} 18... h6 {[%clk 0:29:11]} 19. Rg3 {
[%clk 1:03:09]} 19... Kh7 {[%clk 0:27:24]} 20. Rhg1 {[%clk 0:56:35]} 20... Rf4
{[%clk 0:25:05]} 21. Qf2 {[%clk 0:53:35]} 21... a6 {[%clk 0:23:08]} 22. Bf1 {
[%clk 0:45:47]} 22... Raf8 {[%clk 0:21:16]} 23. b4 {[%clk 0:43:19]} 23... Na4 {
[%clk 0:16:48]} 24. Nxa4 {[%clk 0:42:11]} 24... Bxa4 {[%clk 0:17:09]} 25. Bh3 {
[%clk 0:41:10]} 25... Bd7 {[%clk 0:13:40]} 26. Rxg6 {[%clk 0:36:05]} 26... Qxg6
{[%clk 0:13:54]} 27. Rxg6 {[%clk 0:36:22]} 27... Bxh3 {[%clk 0:10:46]} 28. Qg3
{[%clk 0:35:04]} 28... Rxf3 {[%clk 0:09:24]} 29. Rg7+ {[%clk 0:35:02]} 29...
Kh8 {[%clk 0:09:41]} 30. Qg6 {[%clk 0:35:16]} 30... R3f6 {[%clk 0:07:44]} 31.
Qh7# {[%clk 0:35:30]} 1-0

[Event "DVM U14w 2020"]
[Site "Willingen GER"]
[Date "2021.06.25"]
[Round "3"]
[White "Glotz, Diana"]
[Black "Albrecht, Angelique"]
[Result "1/2-1/2"]
[Termination "normal"]
[Board "7.2"]
[WhiteElo "1110"]
[BlackElo "1263"]
[WhiteClock "00:15:27"]
[BlackClock "00:24:13"]
[WhiteTeam "SSV Altenberg"]
[BlackTeam "SV Multatuli Ingelheim e.V."]
[PlyCount "51"]
[WhiteFideId "16278500"]
[BlackFideId "16298284"]
[EventCountry "GER"]
[EventRounds "7"]
[EventType "team-swiss"]
[EventDate "2021.06.23"]

1. c4 {[%clk 1:30:57]} 1... e5 {[%clk 1:30:48]} 2. Nc3 {[%clk 1:31:18]} 2...
Nf6 {[%clk 1:31:09]} 3. g3 {[%clk 1:31:31]} 3... Bb4 {[%clk 1:31:24]} 4. Bg2 {
[%clk 1:31:45]} 4... O-O {[%clk 1:31:40]} 5. e3 {[%clk 1:31:58]} 5... d6 {
[%clk 1:28:13]} 6. Nge2 {[%clk 1:32:07]} 6... Re8 {[%clk 1:26:50]} 7. b3 {
[%clk 1:31:44]} 7... c6 {[%clk 1:25:25]} 8. O-O {[%clk 1:29:54]} 8... Bg4 {
[%clk 1:24:16]} 9. Bb2 {[%clk 1:24:29]} 9... Bxc3 {[%clk 1:21:13]} 10. Bxc3 {
[%clk 1:24:43]} 10... Qd7 {[%clk 1:21:07]} 11. Re1 {[%clk 1:23:53]} 11... Bh3 {
[%clk 1:20:51]} 12. Bh1 {[%clk 1:23:47]} 12... Bf5 {[%clk 1:13:04]} 13. d3 {
[%clk 1:17:13]} 13... Na6 {[%clk 1:04:24]} 14. e4 {[%clk 1:13:08]} 14... Bg6 {
[%clk 0:56:43]} 15. Qd2 {[%clk 1:12:25]} 15... h6 {[%clk 0:52:16]} 16. a3 {
[%clk 1:07:37]} 16... c5 {[%clk 0:49:08]} 17. b4 {[%clk 1:06:15]} 17... b6 {
[%clk 0:48:55]} 18. f4 {[%clk 1:06:08]} 18... Bh7 {[%clk 0:39:28]} 19. b5 {
[%clk 1:04:37]} 19... Nc7 {[%clk 0:39:45]} 20. Qc1 {[%clk 1:02:08]} 20... a5 {
[%clk 0:38:12]} 21. Bd2 {[%clk 0:59:16]} 21... exf4 {[%clk 0:33:18]} 22. Nxf4 {
[%clk 0:57:30]} 22... Rad8 {[%clk 0:31:29]} 23. Bc3 {[%clk 0:49:33]} 23... Ng4
{[%clk 0:29:30]} 24. Nh5 {[%clk 0:27:01]} 24... Ne5 {[%clk 0:27:30]} 25. Qd1 {
[%clk 0:15:27]} 25... Bg6 {[%clk 0:24:13]} 26. Nf4 1/2-1/2

[Event "DVM U14w 2020"]
[Site "Willingen GER"]
[Date "2021.06.25"]
[Round "3"]
[White "Gyácsok, Dzvinka"]
[Black "Müller, Cosima"]
[Result "0-1"]
[Termination "normal"]
[Board "7.3"]
[WhiteElo "1041"]
[BlackElo "1505"]
[WhiteClock "01:00:19"]
[BlackClock "01:29:50"]
[WhiteTeam "SV Multatuli Ingelheim e.V."]
[BlackTeam "SSV Altenberg"]
[PlyCount "104"]
[WhiteFideId "16298292"]
[BlackFideId "34601490"]
[EventCountry "GER"]
[EventRounds "7"]
[EventType "team-swiss"]
[EventDate "2021.06.23"]

1. e4 {[%clk 1:30:57]} 1... c5 {[%clk 1:30:56]} 2. Nf3 {[%clk 1:31:18]} 2... d6
{[%clk 1:31:22]} 3. c3 {[%clk 1:31:04]} 3... Nf6 {[%clk 1:31:38]} 4. d3 { [%clk
1:30:35]} 4... g6 {[%clk 1:31:32]} 5. c4 {[%clk 1:30:34]} 5... Bg7 { [%clk
1:31:45]} 6. Nc3 {[%clk 1:30:30]} 6... O-O {[%clk 1:32:02]} 7. Be3 { [%clk
1:29:59]} 7... Nc6 {[%clk 1:32:11]} 8. g3 {[%clk 1:28:25]} 8... Bg4 { [%clk
1:31:41]} 9. Bg2 {[%clk 1:28:11]} 9... Ne5 {[%clk 1:31:39]} 10. h3 { [%clk
1:26:47]} 10... Bxf3 {[%clk 1:31:03]} 11. Bxf3 {[%clk 1:26:40]} 11... Qb6
{[%clk 1:30:27]} 12. Na4 {[%clk 1:25:53]} 12... Nxf3+ {[%clk 1:30:37]} 13. Qxf3
{[%clk 1:25:29]} 13... Qb4+ {[%clk 1:30:56]} 14. Nc3 {[%clk 1:25:15]} 14...
Qxb2 {[%clk 1:31:13]} 15. Rc1 {[%clk 1:24:46]} 15... Nd7 {[%clk 1:31:10]} 16.
Bd2 {[%clk 1:24:30]} 16... Bxc3 {[%clk 1:30:33]} 17. Rxc3 {[%clk 1:24:07]}
17... Qxa2 {[%clk 1:30:39]} 18. Qd1 {[%clk 1:22:58]} 18... Ne5 {[%clk 1:29:15]}
19. f4 {[%clk 1:20:54]} 19... Nc6 {[%clk 1:29:03]} 20. O-O {[%clk 1:19:12]}
20... a5 {[%clk 1:27:54]} 21. Rb3 {[%clk 1:18:30]} 21... Rfb8 {[%clk 1:27:30]}
22. Be3 {[%clk 1:16:44]} 22... Nb4 {[%clk 1:26:50]} 23. Rf2 {[%clk 1:15:09]}
23... Qa4 {[%clk 1:26:53]} 24. Rb1 {[%clk 1:14:05]} 24... Qxd1+ {[%clk 1:27:08]
} 25. Rxd1 {[%clk 1:14:25]} 25... a4 {[%clk 1:27:14]} 26. Rb2 {[%clk 1:13:45]}
26... a3 {[%clk 1:27:30]} 27. Rbb1 {[%clk 1:09:56]} 27... a2 {[%clk 1:27:52]}
28. Rbc1 {[%clk 1:10:14]} 28... b5 {[%clk 1:27:59]} 29. d4 {[%clk 1:07:53]}
29... bxc4 {[%clk 1:26:41]} 30. dxc5 {[%clk 1:07:24]} 30... Nd3 {[%clk 1:26:06]
} 31. Ra1 {[%clk 1:06:07]} 31... Nxc5 {[%clk 1:25:54]} 32. Rac1 {[%clk 1:03:53]
} 32... Nb3 {[%clk 1:25:39]} 33. Rxc4 {[%clk 1:00:57]} 33... a1=Q { [%clk
1:24:10]} 34. Rxa1 {[%clk 1:00:55]} 34... Rxa1+ {[%clk 1:24:24]} 35. Kf2 {[%clk
1:00:21]} 35... Ra2+ {[%clk 1:24:30]} 36. Kf1 {[%clk 1:00:15]} 36... Nd2+
{[%clk 1:24:46]} 37. Bxd2 {[%clk 0:59:37]} 37... Rxd2 {[%clk 1:25:12]} 38. Ke1
{[%clk 0:59:47]} 38... Rh2 {[%clk 1:25:33]} 39. Kd1 {[%clk 0:59:44]} 39... Rb1+
{[%clk 1:25:51]} 40. Rc1 {[%clk 1:00:02]} 40... Rxc1+ {[%clk 1:26:12]} 41. Kxc1
{[%clk 1:00:25]} 41... Kg7 42. h4 42... f5 {[%clk 1:26:34]} 43. e5 { [%clk
1:00:38]} 43... dxe5 {[%clk 1:26:53]} 44. fxe5 {[%clk 1:00:50]} 44... Kf7
{[%clk 1:27:18]} 45. Kd1 {[%clk 0:59:22]} 45... Ke6 {[%clk 1:27:38]} 46. Ke1 {
[%clk 0:59:38]} 46... Kxe5 {[%clk 1:28:02]} 47. Kf1 {[%clk 0:59:59]} 47... Ke4
{[%clk 1:28:26]} 48. Kg1 {[%clk 1:00:16]} 48... Rb2 {[%clk 1:28:44]} 49. Kf1 {
[%clk 0:59:47]} 49... Ke3 {[%clk 1:29:03]} 50. Kg1 {[%clk 1:00:00]} 50... Kf3 {
[%clk 1:29:25]} 51. Kh1 {[%clk 0:59:59]} 51... Kxg3 {[%clk 1:29:50]} 52. Kg1 {
[%clk 1:00:19]} 52... Rb1# 0-1

[Event "DVM U14w 2020"]
[Site "Willingen GER"]
[Date "2021.06.25"]
[Round "3"]
[White "Eger, Nora"]
[Black "König, Pauline"]
[Result "1-0"]
[Termination "normal"]
[Board "7.4"]
[WhiteElo "1104"]
[BlackElo "1034"]
[WhiteClock "00:17:38"]
[BlackClock "00:05:43"]
[WhiteTeam "SSV Altenberg"]
[BlackTeam "SV Multatuli Ingelheim e.V."]
[PlyCount "77"]
[WhiteFideId "34605827"]
[BlackFideId "34605789"]
[EventCountry "GER"]
[EventRounds "7"]
[EventType "team-swiss"]
[EventDate "2021.06.23"]

1. e4 {[%clk 1:30:57]} 1... e5 {[%clk 1:30:54]} 2. Nf3 {[%clk 1:31:18]} 2...
Nc6 {[%clk 1:31:10]} 3. d4 {[%clk 1:30:50]} 3... d6 {[%clk 1:30:17]} 4. dxe5 {
[%clk 1:28:38]} 4... Bg4 {[%clk 1:27:44]} 5. exd6 {[%clk 1:26:42]} 5... Bxd6 {
[%clk 1:26:54]} 6. Be2 {[%clk 1:26:34]} 6... Nf6 {[%clk 1:26:03]} 7. Nc3 {
[%clk 1:26:01]} 7... h6 {[%clk 1:25:24]} 8. Be3 {[%clk 1:22:15]} 8... O-O {
[%clk 1:24:57]} 9. O-O {[%clk 1:21:04]} 9... Re8 {[%clk 1:22:28]} 10. Nd2 {
[%clk 1:17:09]} 10... Qc8 {[%clk 1:19:46]} 11. Nd5 {[%clk 1:10:26]} 11... Bxe2
{[%clk 1:17:17]} 12. Nxf6+ {[%clk 1:09:55]} 12... Kh8 {[%clk 1:13:29]} 13. Qxe2
{[%clk 1:09:17]} 13... gxf6 {[%clk 1:13:34]} 14. Bxh6 {[%clk 1:07:26]} 14...
Rg8 {[%clk 0:59:58]} 15. Qh5 {[%clk 0:59:34]} 15... Rxg2+ {[%clk 0:53:19]} 16.
Kxg2 Qg8+ 17. Kh1 {[%clk 0:49:45]} 17... Qh7 {[%clk 0:44:51]} 18. Rg1 { [%clk
0:41:38]} 18... Bf8 {[%clk 0:38:37]} 19. Bg7+ {[%clk 0:32:33]} 19... Bxg7
{[%clk 0:38:17]} 20. Qxh7+ {[%clk 0:32:58]} 20... Kxh7 {[%clk 0:38:13]} 21. Rg3
{[%clk 0:32:36]} 21... Rd8 {[%clk 0:30:36]} 22. Nf3 {[%clk 0:32:15]} 22... Re8
{[%clk 0:21:43]} 23. Rag1 {[%clk 0:32:41]} 23... Rg8 {[%clk 0:18:56]} 24. c3 {
[%clk 0:27:26]} 24... Ne7 {[%clk 0:12:16]} 25. Nd4 {[%clk 0:26:18]} 25... c5
26. Nf5 {[%clk 0:26:37]} 26... Nxf5 {[%clk 0:09:22]} 27. exf5 {[%clk 0:24:37]}
27... b5 {[%clk 0:08:05]} 28. h4 {[%clk 0:23:51]} 28... b4 {[%clk 0:08:22]} 29.
cxb4 {[%clk 0:23:23]} 29... cxb4 {[%clk 0:05:15]} 30. h5 Kh6 31. R1g2 { [%clk
0:22:59]} 31... a5 {[%clk 0:05:22]} 32. Kg1 32... b3 {[%clk 0:05:14]} 33. axb3
{[%clk 0:22:14]} 33... a4 {[%clk 0:05:37]} 34. bxa4 34... Kh7 { [%clk 0:05:23]}
35. h6 {[%clk 0:21:59]} 35... Bh8 {[%clk 0:05:33]} 36. Rxg8 { [%clk 0:18:05]}
36... Bg7 {[%clk 0:05:29]} 37. R2xg7+ Kxh6 38. Rxf7 { [%clk 0:17:38]} 38... Kh5
{[%clk 0:05:43]} 39. Rh7# 1-0

[Event "DVM U14w 2020"]
[Site "Willingen GER"]
[Date "2021.06.25"]
[Round "3"]
[White "Hencke, Luna"]
[Black "Rotärmel, Leonie"]
[Result "0-1"]
[Termination "normal"]
[Board "8.1"]
[WhiteElo "1168"]
[BlackElo "1417"]
[WhiteTeam "SchachAkademiePaderborn e. V."]
[BlackTeam "SV Oberursel"]
[PlyCount "70"]
[WhiteFideId "16261429"]
[BlackFideId "16281390"]
[EventCountry "GER"]
[EventRounds "7"]
[EventType "team-swiss"]
[EventDate "2021.06.23"]

1. d4 Nf6 2. Nf3 g6 3. g3 Bg7 4. Bg2 d6 5. O-O O-O 6. c4 Nbd7 7. Nc3 e5 8. e3
Ne8 9. Re1 f5 10. Qb3 Kh8 11. a4 exd4 12. exd4 Nef6 13. Nd2 c6 14. Qb4 Qc7 15.
c5 d5 16. Nf1 Nh5 17. b3 a5 18. Qa3 Bxd4 19. Bb2 Bxc5 20. Qa2 Ndf6 21. Rac1 Qd6
22. Ba1 f4 23. gxf4 Nxf4 24. Ne2 Nd3 25. Qc2 Bxf2+ 26. Kh1 Nxe1 27. Qd2 Nxg2
28. Kxg2 Kg8 29. Qh6 Qe6 30. Nf4 Qe4+ 31. Kxf2 Ng4+ 32. Kg3 Nxh6 33. Nd2 Qxf4+
34. Kg2 Qxd2+ 35. Kg3 Qf2# 0-1

[Event "DVM U14w 2020"]
[Site "Willingen GER"]
[Date "2021.06.25"]
[Round "3"]
[White "Neininger, Sarah"]
[Black "Gerlach, Lorena"]
[Result "1-0"]
[Termination "normal"]
[Board "8.2"]
[WhiteElo "1469"]
[BlackElo "1040"]
[WhiteTeam "SV Oberursel"]
[BlackTeam "SchachAkademiePaderborn e. V."]
[PlyCount "103"]
[WhiteFideId "16287410"]
[BlackFideId "34605738"]
[EventCountry "GER"]
[EventRounds "7"]
[EventType "team-swiss"]
[EventDate "2021.06.23"]

1. e4 d5 2. exd5 Qxd5 3. c4 Qd8 4. d4 Nf6 5. Nf3 g6 6. Nc3 Bg7 7. Be2 O-O 8.
O-O Bf5 9. Ne5 Ne4 10. Nxe4 Bxe4 11. Bf3 Bxf3 12. Nxf3 Nc6 13. Be3 e5 14. d5
Ne7 15. Re1 Nf5 16. Bd2 Re8 17. Bc3 e4 18. Bxg7 Kxg7 19. Nd2 e3 20. fxe3 Nxe3
21. Qb3 Qg5 22. Re2 Ng4 23. Qc3+ Kg8 24. Rae1 Rxe2 25. Rxe2 Qh5 26. h3 Nh6 27.
Qf3 Qxf3 28. Nxf3 Nf5 29. g4 Nd6 30. c5 Nb5 31. a4 Nd6 32. cxd6 cxd6 33. Re7 b6
34. Ng5 h6 35. Nxf7 Kf8 36. Rc7 h5 37. Nxd6 Rd8 38. Rc8 Rxc8 39. Nxc8 Ke8 40.
Nxa7 Kd7 41. Nb5 h4 42. b4 g5 43. a5 Kc8 44. axb6 Kb7 45. d6 Kc6 46. b7 Kxb5
47. b8=Q+ Kc4 48. d7 Kb3 49. d8=Q Kb2 50. Qd3 Ka2 51. Qa7+ Kb2 52. Qaa3# 1-0

[Event "DVM U14w 2020"]
[Site "Willingen GER"]
[Date "2021.06.25"]
[Round "3"]
[White "Henzel, Leonie"]
[Black "Richter, Johanna"]
[Result "0-1"]
[Termination "normal"]
[Board "8.3"]
[WhiteElo "1020"]
[BlackElo "1178"]
[WhiteTeam "SchachAkademiePaderborn e. V."]
[BlackTeam "SV Oberursel"]
[PlyCount "96"]
[WhiteFideId "34605720"]
[BlackFideId "16278925"]
[EventCountry "GER"]
[EventRounds "7"]
[EventType "team-swiss"]
[EventDate "2021.06.23"]

1. d4 Nf6 2. Nf3 g6 3. g3 Bg7 4. Bg2 O-O 5. O-O d6 6. c4 Nbd7 7. Nc3 e5 8. d5
Nb6 9. b3 Ng4 10. e4 f5 11. exf5 Bxf5 12. Ng5 e4 13. Qd2 Bh6 14. Bxe4 Rc8 15.
h3 Ne5 16. Kg2 Nbd7 17. Bxf5 Rxf5 18. Ne6 Bxd2 19. Nxd8 Bxc3 20. g4 Bxa1 21.
gxf5 Rxd8 22. Bg5 Rf8 23. Rxa1 Rxf5 24. Bd8 c6 25. dxc6 bxc6 26. Rd1 Nf7 27.
Bc7 d5 28. cxd5 cxd5 29. b4 Ng5 30. h4 Ne4 31. f3 Nc3 32. Rd2 Nb6 33. a3 Nc4
34. Rd3 Nb5 35. Bb8 a6 36. a4 Nb2 37. Rb3 Nxa4 38. Re3 Kf7 39. Kg3 Nb2 40. Kg4
h5+ 41. Kg3 Nc4 42. Re1 d4 43. f4 Rd5 44. Rc1 Nc3 45. Kf3 d3 46. Rxc3 d2 47.
Rxc4 d1=Q+ 48. Ke4 Qd3# 0-1

[Event "DVM U14w 2020"]
[Site "Willingen GER"]
[Date "2021.06.25"]
[Round "3"]
[White "Weyerer, Elea"]
[Black "Gruber, Florentine"]
[Result "0-1"]
[Termination "normal"]
[Board "8.4"]
[WhiteElo "768"]
[BlackElo "988"]
[WhiteTeam "SV Oberursel"]
[BlackTeam "SchachAkademiePaderborn e. V."]
[PlyCount "50"]
[WhiteFideId "34605770"]
[BlackFideId "34605711"]
[EventCountry "GER"]
[EventRounds "7"]
[EventType "team-swiss"]
[EventDate "2021.06.23"]

1. e4 e6 2. Nf3 d5 3. exd5 exd5 4. d4 Bd6 5. Bd3 Ne7 6. h3 O-O 7. O-O c5 8. Be3
c4 9. Be2 Nf5 10. Qc1 Nc6 11. c3 Re8 12. Re1 Nxe3 13. fxe3 Ne7 14. Nbd2 Nf5 15.
e4 dxe4 16. Nh2 Bxh2+ 17. Kxh2 Qd6+ 18. Kh1 Nh4 19. Rg1 b5 20. Qf1 Bb7 21. Bh5
g6 22. Qf2 Nf5 23. Bg4 Ng3+ 24. Kh2 Nf1+ 25. Kh1 Qh2# 0-1